000 00828nam a2200265 i 4500
001 bg
100 1 _aMAST, Peter
245 1 0 _aOstpreussen und Westpreussen und die Deutschen aus Litauen /
_cPeter Mast.
260 _aMünchen :
_bF.A. Herbig,
_c2001.
300 _a224 s. :
_bil. ;
_c24 cm.
490 1 _aStudienbuchreihe der Stiftung Ostdeutscher Kulturart ;
_vBd 10
504 _aBibliogr. - Indeks.
650 9 _aLitwa
_xhistoria
651 9 _aNiemcy
_xstosunki etniczne
_y13-19 w.
651 9 _aPrusy Wschodnie
_xhistoria
651 9 _aPrusy Zachodnie
_xhistoria
830 _aStudienbuchreihe der Stiftung Ostdeutscher Kulturart ;
020 _a3784427960
040 _cBPK
041 0 _ade
080 _a94(430)"12/19"
920 _a3-7844-2796-0
942 _cKS
008 s pl f |000 0 pol
999 _c42230
_d42230
856 _uhttp://koha.tu.koszalin.pl/cgi-bin/koha/opac-detail.pl?biblionumber=42230
_yKatalog online BPK